A Respectable Woman/ (Record no. 187839)

MARC details
000 -LEADER
fixed length control field 00531nam a22001817a 4500
005 - DATE AND TIME OF LATEST TRANSACTION
control field 20220502114457.0
010 ## - LCCN (DPL NO)
LC control number ENG-132465
020 ## - INTERNATIONAL STANDARD BOOK NUMBER
International Standard Book Number 9789385932472
Terms of availability 495.00
035 ## - SYSTEM CONTROL NUMBER
System control number EN-115997
037 ## - SOURCE OF ACQUISITION
Source of stock number/acquisition DBAD/PUB
082 ## - DEWEY DECIMAL CLASSIFICATION NUMBER
Classification number 823.92
100 ## - MAIN ENTRY--PERSONAL NAME
Personal name Kire, Easterine
245 ## - TITLE STATEMENT
Title A Respectable Woman/
Statement of responsibility, etc Easterine Kire
260 ## - PUBLICATION, DISTRIBUTION, ETC. (IMPRINT)
Place of publication, distribution, etc New Delhi
Name of publisher, distributor, etc Zubaan
Date of publication, distribution, etc 2019
270 ## - ADDRESS
Address 128 B, Shahpur Jat, 1st Floor
City New Delhi
Postal code 110049
Electronic mail address contact@zubaanbooks.com
300 ## - PHYSICAL DESCRIPTION
Extent 182p.
Dimensions 21cm(hbk)
942 ## - ADDED ENTRY ELEMENTS (KOHA)
Source of classification or shelving scheme Dewey Decimal Classification
Item type English Books
Classification part 823.92
Call number suffix KIR
Holdings
Withdrawn status Lost status Not for loan Collection code Home library Current library Date acquired Source of acquisition Cost, normal purchase price Full call number Barcode Copy number Cost, replacement price Koha item type
    Not For Loan Non-fiction D.B.Act.Division Mobile Library 02/05/2022 DBAD/PUB 495.00 823.92 KIR EN-115997 1 495.00 English Books

© Delhi Public Library
Hit Counter
free hit counter